Violin Concerto Tempo Markings and Expressions - Statistics

General Stats
  • This quiz has been taken 58 times
  • The average score is 6 of 15
Answer Stats
Concerto Tempo or Expression % Correct
Sibelius Violin Concerto Movement III {Allegro} ma non tanto
91%
Mendelssohn Violin Concerto (E Minor) Movement II Andante
60%
Beethoven Violin Concerto No. 1 Movement I Allegro ma non {troppo}
58%
Tchaikovsky Violin Concerto Movement I Allegro {moderato}
53%
Saint-Saëns Violin Concerto No. 3 Movement III {Allegro} non troppo
53%
Wieniawski Violin Concerto No. 2 Movement II {Andante} non troppo
53%
Shostakovich Violin Concerto No. 1 Movement IV Allegro con {brio}
40%
Barber Violin Concerto Movement III {Presto} in moto
40%
Mendelssohn Violin Concerto (E Minor) Movement I Allegro molto {appassionato}
38%
Korngold Violin Concerto Movement III Allegro assai {vivace}
31%
Prokofiev Violin Concerto No. 2 Movement III Allegro ben {marcato}
24%
Paganini Violin Concerto No. 1 Movement I Allegro {maestoso}
24%
Khachaturian Violin Concerto Movement I Allegro con {fermezza}
22%
Bruch Violin Concerto No. 1 Movement III Allegro {energico}
18%
Dvořák Violin Concerto No. 1 Movement III Allegro {giocoso} ma non troppo
16%
No matching quizzes found
Score Distribution
Percent of People with Each Score
Percentile by Number Answered
Your Score History
You have not taken this quiz